Discover the wonder, grade 1 : (Record no. 104012)
[ view plain ]
| 000 -LEADER | |
|---|---|
| fixed length control field | 004602191a2200157 4500 |
| 005 - DATE AND TIME OF LATEST TRANSACTION | |
| control field | 20140412111311.0 |
| 008 - FIXED-LENGTH DATA ELEMENTS--GENERAL INFORMATION | |
| fixed length control field | 140211s1996 xx 000 0 und d |
| 020 ## - INTERNATIONAL STANDARD BOOK NUMBER | |
| International Standard Book Number | 0-673-40140-5 |
| 050 ## - LIBRARY OF CONGRESS CALL NUMBER | |
| Classification number | M 507 |
| Item number | D58.1 1996 |
| 245 ## - TITLE STATEMENT | |
| Title | Discover the wonder, grade 1 : |
| Remainder of title | module A-plants. |
| 260 ## - PUBLICATION, DISTRIBUTION, ETC. (IMPRINT) | |
| Place of publication, distribution, etc | Glenview, Illinois : |
| Name of publisher, distributor, etc | ScottForesman, |
| Date of publication, distribution, etc | 1996. |
| 300 ## - PHYSICAL DESCRIPTION | |
| Extent | xv p. ; 47p. |
| 440 ## - SERIES STATEMENT/ADDED ENTRY--TITLE | |
| Title | ScottForesman Science |
| 650 ## - SUBJECT ADDED ENTRY--TOPICAL TERM | |
| Topical term or geographic name as entry element | Science-Study and teaching |
| Withdrawn status | Lost status | Damaged status | Home library | Current library | Shelving location | Date acquired | Source of acquisition | Total Checkouts | Full call number | Barcode | Date last seen | Price effective from | Koha item type |
|---|---|---|---|---|---|---|---|---|---|---|---|---|---|
| Elizalde Library | Elizalde Library | Main Section | 04/17/2001 | M 507 D58.1 1996 | E6262 | 04/12/2014 | 04/12/2014 | Books |